THE BRUCE - PARTINGTON PLANS / (Record no. 186385)
[ view plain ]
| 000 -LEADER | |
|---|---|
| fixed length control field | 02210nam a22004331i 4500 |
| 003 - CONTROL NUMBER IDENTIFIER | |
| control field | OSt |
| 005 - DATE AND TIME OF LATEST TRANSACTION | |
| control field | 20220525114909.0 |
| 008 - FIXED-LENGTH DATA ELEMENTS--GENERAL INFORMATION | |
| fixed length control field | 211206s2020 -uka jr 000 1 eng d |
| 020 ## - INTERNATIONAL STANDARD BOOK NUMBER | |
| International Standard Book Number | 9781782264262 |
| Terms of availability | RM 42.60 |
| Qualifying information | paperback |
| 040 ## - CATALOGING SOURCE | |
| Original cataloging agency | PPAK |
| Language of cataloging | eng |
| Transcribing agency | PPAK |
| Description conventions | rda |
| 082 04 - DEWEY DECIMAL CLASSIFICATION NUMBER | |
| Classification number | 823.92 |
| Edition number | 23 |
| 090 00 - LOCALLY ASSIGNED LC-TYPE CALL NUMBER (OCLC); LOCAL CALL NUMBER (RLIN) | |
| Classification number (OCLC) (R) ; Classification number, CALL (RLIN) (NR) | 823.92 |
| Feature heading | DOY |
| Feature heading | K |
| 100 1# - MAIN ENTRY--PERSONAL NAME | |
| Personal name | Doyle, Arthur Conan, |
| Dates associated with a name | 1859-1930. |
| Relator term | author |
| 245 14 - TITLE STATEMENT | |
| Title | THE BRUCE - PARTINGTON PLANS / |
| Statement of responsibility, etc. | SIR ARTHUR CONAN DOYLE ; adapted by Stephanie Baudet ; illustrated by Arianna Bellucci. |
| 246 33 - VARYING FORM OF TITLE | |
| Title proper/short title | Bruce - Partington Plans |
| 250 ## - EDITION STATEMENT | |
| Edition statement | 2020 edition. |
| 264 #1 - PRODUCTION, PUBLICATION, DISTRIBUTION, MANUFACTURE, AND COPYRIGHT NOTICE | |
| Place of production, publication, distribution, manufacture | Leicester, United Kingdom : |
| Name of producer, publisher, distributor, manufacturer | Sweet Cherry Publishing, |
| Date of production, publication, distribution, manufacture, or copyright notice | 2020. |
| 300 ## - PHYSICAL DESCRIPTION | |
| Extent | 118 pages : |
| Other physical details | illustrations ; |
| Dimensions | 20 cm. |
| 336 ## - CONTENT TYPE | |
| Content type term | text |
| Source | rdacontent |
| Content type term | still image |
| Source | rdacontent |
| 337 ## - MEDIA TYPE | |
| Media type term | unmediated |
| Source | rdamedia |
| 338 ## - CARRIER TYPE | |
| Carrier type term | volume |
| Source | rdacarrier |
| 490 1# - SERIES STATEMENT | |
| Series statement | Sherlock Holmes children's collection |
| 502 ## - DISSERTATION NOTE | |
| Dissertation note | "Includes free audiobook! QR code inside."--Cover. |
| 520 ## - SUMMARY, ETC. | |
| Summary, etc. | Am at Goldini's Restaurant, Gloucester Road, Kensington. Please come at once. Bring a jemmy, a lantern, a chisel, and a gun. S.H. The secret plans for a submarine super-weapon have been stolen and it's up to Holmes to find them. But with the government, the military and even his own brother turning up the pressure, can the genius detective unravel the web of secrets, spies and cunning crimes before it's too late? About The Sherlock Holmes Children's Collection: A simplification of Arthur Conan Doyle's Sherlock Holmes, perfect for young fans of mystery books. |
| 521 ## - TARGET AUDIENCE NOTE | |
| Target audience note | 7-10 years old. |
| 600 1# - SUBJECT ADDED ENTRY--PERSONAL NAME | |
| Personal name | Holmes, Sherlock |
| Form subdivision | Juvenile fiction. |
| Personal name | Watson, John H. |
| Titles and other words associated with a name | (Fictitious character) |
| Form subdivision | Juvenile fiction. |
| 650 #0 - SUBJECT ADDED ENTRY--TOPICAL TERM | |
| Topical term or geographic name entry element | Private investigators |
| Form subdivision | Juvenile fiction |
| Topical term or geographic name entry element | Criminals |
| General subdivision | Investigation |
| Chronological subdivision | Juvenile fiction. |
| 651 #0 - SUBJECT ADDED ENTRY--GEOGRAPHIC NAME | |
| Geographic name | England |
| Geographic subdivision | London |
| 655 #7 - INDEX TERM--GENRE/FORM | |
| Genre/form data or focus term | Detective and mystery stories |
| Genre/form data or focus term | Children's stories |
| 700 1# - ADDED ENTRY--PERSONAL NAME | |
| Personal name | Baudet, Stephanie, |
| Relator term | author |
| Personal name | Bellucci, Arianna, |
| Titles and other words associated with a name | (Illustrator), |
| Relator term | illustrator. |
| 830 #0 - SERIES ADDED ENTRY--UNIFORM TITLE | |
| Uniform title | Sherlock Holmes children's collection |
| 856 40 - ELECTRONIC LOCATION AND ACCESS | |
| Uniform Resource Identifier | <a href="www.sweetcherrypublishing.net/Audiobooks/SherlockHolmes/9781782264262">www.sweetcherrypublishing.net/Audiobooks/SherlockHolmes/9781782264262</a> |
| 942 ## - ADDED ENTRY ELEMENTS (KOHA) | |
| Source of classification or shelving scheme | Dewey Decimal Classification |
| Koha item type | Book |
| Withdrawn | Not for loan | Current library | Shelving location | Date acquired | Total Checkouts | Full call number | Barcode | Date last seen | Date last checked out | Koha item type | Total Renewals | Checked out |
|---|---|---|---|---|---|---|---|---|---|---|---|---|
| Perpustakaan Alor Setar | Pinjaman Kanak-kanak | 27/01/2022 | 8 | K 823.92 DOY | A01720772 | 01/02/2025 | 18/01/2025 | Book | ||||
| Perpustakaan Awam Sungai Petani | Pinjaman Kanak-kanak | 27/01/2022 | 9 | K 823.92 DOY | A01720773 | 15/06/2026 | 15/06/2026 | Book | 2 | 06/07/2026 | ||
| Perpustakaan Baling | Pinjaman Kanak-kanak | 27/01/2022 | 3 | K 823.92 DOY | A01720775 | 30/08/2025 | 24/08/2025 | Book | ||||
| Perpustakaan Kulim | Pinjaman Kanak-kanak | 27/01/2022 | 2 | K 823.92 DOY | A01720774 | 11/11/2024 | 05/10/2024 | Book |